| 000 | 01422nam a2200217Ia 4500 | ||
|---|---|---|---|
| 008 | 220216s9999 xx 000 0 und d | ||
| 100 | _aTangboriboon N | ||
| 245 | 0 | _aMechanical and electrical properties of alumina-natural rubber composites | |
| 260 |
_bPlastics, Rubber and Composites _c2013 |
||
| 300 | _a26-33 | ||
| 520 | _aThe mechanical and electrical properties of natural rubber (NR)-alumina (AI2O3) composites crosslinked with dicumyl peroxide (DCP) were investigated. Scanning electron micrographs indicate the interaction of the C-C microstructure and that alumina particles are moderately dispersed in the matrix. The X-ray diffraction patterns indicate that Al2O3 is of the beta phase polytype that possesses high innic conductivity. The electrical conductivity of the composites with DCP is greater by nearly three orders of magnitude than that of NR-Al2O3 composites without DCP and pure NR. The increase in the electrical conductivity and the mechanical property is caused by the strong C-C bond, the tunnelling phenomenon and the ionic polarisation of the alumina particles acting as the dispersed phase in the elastomer matrix. | ||
| 650 | _aCrosslink agents | ||
| 650 | _aCrosslink density | ||
| 650 | _aElectromechanical properties | ||
| 650 | _aTunnelling theory | ||
| 700 | _aBanchong A | ||
| 700 | _aChaisakrenon S | ||
| 700 | _aKananuruksapong R | ||
| 700 | _aSirival A | ||
| 942 | _cJS | ||
| 999 |
_c62697 _d62697 |
||